| 000 | 00522nam a2200169 i 4500 | ||
|---|---|---|---|
| 001 | 88479 | ||
| 003 | ES-MaACL | ||
| 005 | 20240531062941.0 | ||
| 007 | t| | ||
| 008 | 050104s1970 sp ||||1| spa d | ||
| 100 | 0 |
_aLalinde Abadía, Jesús, _d1920-2007 _969731 |
|
| 245 | 1 | 0 |
_aIniciación histórica al Derecho español / _cpor Jesús Lalinde Abadía. |
| 260 |
_aBarcelona, etc. : _bAriel, _c[1970] |
||
| 300 |
_aXIX, 909 p. ; _c23 cm. |
||
| 852 |
_aES-MaACL _jC-38216 _bR.73220 |
||
| 999 |
_c88479 _d88479 |
||